| 000 | 00524nam a22001817a 4500 | ||
|---|---|---|---|
| 020 | _a9698961011 | ||
| 082 |
_a348 _bUNI _cN-01, P-48 |
||
| 100 |
_aDr Captain U.A.G Isani _946934 |
||
| 245 | _aManual of University laws in Pakistan | ||
| 250 | _aVol 1 | ||
| 260 |
_aKarachi _bIqra university, Karachi _c2006 |
||
| 300 |
_aP-733 _bIllus |
||
| 526 |
_a0 _b0 _c0 _d348_000000000000000_UNI |
||
| 526 |
_a0 _b0 _c0 _d348_000000000000000_UNI |
||
| 526 |
_a0 _b0 _c0 _d348_000000000000000_UNI |
||
| 650 |
_aMCE _9379 |
||
| 942 |
_2ddc _cBK |
||
| 999 |
_c550221 _d550221 |
||